Entry Personal Name
Number of records used in: 1
001 - CONTROL NUMBER
003 - CONTROL NUMBER IDENTIFIER
005 - DATE AND TIME OF LATEST TRANSACTION
- control field:
20231028154409.0
008 - FIXED-LENGTH DATA ELEMENTS
- fixed length control field:
890606n| azannaabn |a aaa
010 ## - LIBRARY OF CONGRESS CONTROL NUMBER
- LC control number:
n 84171660
035 ## - SYSTEM CONTROL NUMBER
- System control number:
(OCoLC)oca02544097
040 ## - CATALOGING SOURCE
- Original cataloging agency:
DLC
- Language of cataloging:
eng
- Description conventions:
rda
- Transcribing agency:
DLC
- Modifying agency:
DLC
- Modifying agency:
OCoLC
- Modifying agency:
DLC
- Modifying agency:
OkU
- Modifying agency:
DLC
046 ## - SPECIAL CODED DATES
- Birth date:
1934-01-22
- Death date:
2020-12-23
- Source of date scheme:
edtf
053 #0 - LC CLASSIFICATION NUMBER
- Classification number element--single number or beginning number of span:
PL4718.9.S83
100 0# - HEADING--PERSONAL NAME
- Personal name:
Sugatakumāri,
- Dates associated with a name:
1934-2020
370 ## - ASSOCIATED PLACE
- Place of birth:
Kerala (India)
- Source of term:
naf
372 ## - FIELD OF ACTIVITY
- Field of activity:
Poetry
- Source of term:
lcsh
374 ## - OCCUPATION
- Occupation:
Poets
- Source of term:
lcsh
377 ## - ASSOCIATED LANGUAGE
400 0# - SEE FROM TRACING--PERSONAL NAME
- Control subfield:
nnaa
- Personal name:
Sugathakumari
400 0# - SEE FROM TRACING--PERSONAL NAME
- Personal name:
Sugathakumari,
- Dates associated with a name:
1934-2020
400 0# - SEE FROM TRACING--PERSONAL NAME
- Personal name:
Sugatakumāri, Bi.,
- Dates associated with a name:
1934-2020
670 ## - SOURCE DATA FOUND
- Source citation:
Her Ku̲riññippūkkaḷ, 1987:
- Information found:
t.p. (Sugatakumāri) t.p. verso (Sugathakumari) p. facing t.p. (b. 1934; M.A.(phil.); edit., Taḷirȧ, Mal. monthly; principal, Jawahar Balabhavan, Trivandrum)
670 ## - SOURCE DATA FOUND
- Source citation:
New Delhi MARC file, 6/17/88
- Information found:
(hdg.: Sugathakumari; usage: Sugatakumāri) New Delhi non-MARC file (usage: Sugatakumāri)
670 ## - SOURCE DATA FOUND
- Source citation:
Sāhityakāra ḍayar̲akṭar̲i, 1976:
- Information found:
p. 562 (Sugatakumāri, Bi.)
670 ## - SOURCE DATA FOUND
- Source citation:
Sahyahr̥dayaṃ, April 2018:
- Information found:
t.p. (Sugatakumāri) p. facing t.p. (born January 1934 in Kerala, India; famous Malayalam poet, social and environmental activist; recipient of Kerala and Central Sahitya Academy awards, Sarasvati Samman, Padmasri, and other awards)
670 ## - SOURCE DATA FOUND
- Source citation:
Indian Express, Dec. 23, 2020:
- Information found:
Renowned Malayalam poet-activist Sugathakumari dies of Covid-19 complications (passed away Wednesday [Dec. 23]; born January 22, 1934)
- Uniform Resource Identifier:
https://indianexpress.com/article/india/sugathakumari-dead-7116387/lite/